№ 1 (14)-6 (19); Известия теплотехнического института им. проф. В. И. Гриневецкого и К . В. Кирша

Dades bibliogràfiques
Parent link:Известия теплотехнического института им. проф. В. И. Гриневецкого и К . В. Кирша: научный журнал/ Всероссийский теплотехнический научно-исследовательский институт (ВТИ). № 1 (14)-6 (19).— , 1924-1941, 1946-1953
Idioma:rus
Publicat: 1926
Format: MixedMaterials Llibre
KOHA link:https://koha.lib.tpu.ru/cgi-bin/koha/opac-detail.pl?biblionumber=582590

MARC

LEADER 00000nam2a2200000 4500
001 582590
005 20231101130911.0
035 |a (RuTPU)RU\TPU\prd\283252 
035 |a RU\TPU\prd\283246 
090 |a 582590 
100 |a 20190314a19241953k y0rusy50 ca 
101 0 |a rus 
102 |a RU 
200 0 |a № 1 (14)-6 (19) 
210 |d 1926 
461 1 |0 (RuTPU)RU\TPU\prd\376  |t Известия теплотехнического института им. проф. В. И. Гриневецкого и К . В. Кирша  |o научный журнал  |f Всероссийский теплотехнический научно-исследовательский институт (ВТИ)  |o Отв. ред. В. И. Очкин  |v № 1 (14)-6 (19)  |d 1924-1941, 1946-1953 
801 0 |a RU  |b 63413507  |c 20010227  |g PSBO 
801 1 |a RU  |b 63413507  |c 20080423  |g PSBO 
801 2 |a RU  |b 63413507  |c 20190910  |g PSBO 
942 |c BK 
999 |a НТБ_ТПУ  |b НФ  |e -8/20180109  |p П-1665  |u 0,00  |v 1